Nociones de merceología; segunda parte /

Guardado en:
Autor Principal: Berardi, Lamberto
Otros Autores: Berardi Locci, Jorge A.
Formato: Libro
Publicado: Buenos Aires : Crespillo, 1977
Edición:19a. ed.
Materias:
Etiquetas: Agregar Etiqueta
Sin Etiquetas, Sea el primero en etiquetar este registro!
LEADER 01462nam a22002655a 4500
001 CEM.cems000989
005 20060213000000.0
008 130507s1977##################000#0#####d
003 CEMS
082 0 4 |a 660.1 
100 1 |a Berardi, Lamberto 
245 1 0 |a Nociones de merceología; segunda parte / 
250 |a 19a. ed. 
260 |a Buenos Aires :  |b Crespillo,  |c 1977 
300 |a 369 p. 
505 0 |a La materia y sus estados f¡sicos.-Las transformaciones de las sustancias y los fenómenos qu¡micos.-Sistemas materiales.-Leyes de las combinaciones y teor¡a atómica.-Estructura atómica.-Clasific. periódica de lso elementos. -Fórmulas de los compuestos.-Acidos, bases y sales.-Estequiometr¡a. -Agua y soluciones.-Combustión y combustibles.-Hidrocarburos.Combustibles l¡quidos y gaseosos.-Procesos industriales basados en la electrólisis. Soda cáustica, cloro y ácido clorh¡drico.-Azufre y ácido sulf£rico. Soda Solvay.-Mat. de construcción.-Vidrio.-Minerales y metales. Metalurgia: hierro y aceros; metales livianos;aluminio y titanio; cobre; plomo; cinc; esta¤o. 
653 |a Cacao 
653 |a Cafe 
653 |a Cereales 
653 |a Especias 
653 |a Harina de trigo 
700 1 |a Berardi Locci, Jorge A. 
859 |a CEMS  |b BIB. CEMS - 11 de abril  |h 660.1  |i B45a19/II  |p 6658.79  |t Ej.2 
859 |a CEMS  |b BIB. CEMS - 11 de abril  |h 660.1  |i B45a19/II  |p 6659.79  |t Ej.3 
859 |a CEMS  |b BIB. CEMS - 11 de abril  |h 660.1  |i B45a19/II  |p 6661.79  |t Ej.1